000 003350000a22001330004500
082 0 4 _aGI CD D632t
110 1 _aWalt Disney
245 1 0 _aThe bambi book, adaptacion Mel Crawford, il. : The walt disney studio
260 _aWisconsin : Golden Press
300 _a[ 24 P.]
650 1 4 _aLiteratura Infantil
001 736
942 _cLGB
999 _c47940
_d47940